000 00459nam a2200181Ia 4500
001 17774
005 20260306171542.0
008 260306s9999||||xx |||||||||||||| ||und||
041 _aESP
082 _a658.1552
_bG22
100 _aGarcía Cantú, Alfonso
_eAUT
245 0 _aProductividad y reducción de costos:
_bpara la pequeña y mediana industria
260 _c2011
300 _a
_c
650 _aGEN
654 _aCAN
942 _cLIB
_dJUS
_fJUS
_2ddc
_n
999 _c17774
_d17774